01178 2200373 4500001002100000005001500021035002000036007000300056008004100059020002200100040002200122082001600144084001800160090002200178090002200200100002800222245013300250250002600383300004800409650001800457700002600475700002300501700002500524700003200549850001200581504003400593264003700627336002100664337003000685338002300715999002200738990002200760990002200782INLIS00000000085522020200612112922 a0010-0320000547ta200320t2018 yoia g ind d a978-602-6243-89-8 aYOPDYOGbinderda04223a001.422 a001.422 HER p aDEP 001.422 HER p aCB-D.11 2018-36410 aHeri Retnawatiepenulis aPengantar analisis meta /cpenulis, Heri Retnawati, Ezi Apino, Kartianom, Hasan Djidu, Rizqa Devi Anazifa; penyunting, Ezi Apino aCetakan pertama, 2018 ax, 210 halaman :bilustrasi, tabel ;c24 cm 4aAnalisis data0 aEzi Apinoepenyunting0 aKartianomepenulis0 aHasan Djiduepenulis aRizqa Devi Anazifaepenulis aYOPDYOG aBibliografi : halaman 205-207 aYogyakarta :bNuha Medika,c2018 2rdacontentateks 2rdamediaatanpa perantara 2rdacarrieravolume aCB-D.11/2018-3641 aCB-D.11/2018-2641 aCB-D.11/2018-3641